000 00230 a2200097 4500
001 7049
100 _aHusain, A
245 _aTarikh-e-Ibin-e-Khuldoon(Khilafat-e-Bano Abbas)
260 _a
_bNafees Academy
_c
090 _c5819
_d5819
942 _aNUST-CAE
_cM
_c32288
999 _c242122
_d242122